000 01082cab a2200205 4500
001 ABS68875
008 050331n2005 000 0 eng u
035 _a(Sirsi) u129202
100 _aCousins, D.
245 _aSo you want to...store caravans?
260 _c2005
490 _aFarmers' Weekly
_v142 (10) 11-17 March 2005, 76-77(2)
520 _aLooks at caravan storage and running a small caravan site in the first of a new series on different types of diversification for the farming community. Covers key issues such as planning permission, business rates, security, insurance, costs and revenues and tips on labour requirements, National Caravan Council Caravan Registration and Insurance Scheme (CRIS) numbers and caravan inspection. Discusses the concept of certificated locations and the possibility of starting bigger caravan sites and suggests joining the Caravan Storage Site Owners Association.
590 _aABS
650 _aCARAVANS
650 _aCARAVAN SITES
650 _aFARM DIVERSIFICATION
690 _aRURAL-FARM BUSINESS MANAGEMENT
942 _n0
999 _c74997
_d74997